Fundamentals of mathematical statistics (Record no. 5280)

MARC details
000 -LEADER
fixed length control field 00510nam a2200169Ia 4500
003 - CONTROL NUMBER IDENTIFIER
control field SGT
020 ## - INTERNATIONAL STANDARD BOOK NUMBER
International Standard Book Number 9788180545283
082 ## - DEWEY DECIMAL CLASSIFICATION NUMBER
Classification number 519.5
Item number GUP
100 ## - MAIN ENTRY--PERSONAL NAME
Personal name Gupta,S.C
245 ## - TITLE STATEMENT
Title Fundamentals of mathematical statistics
260 ## - PUBLICATION, DISTRIBUTION, ETC. (IMPRINT)
Name of publisher, distributor, etc Sultan Chand & Sons
Place of publication, distribution, etc New Delhi
Year of Publication 2011
300 ## - PAGE DESCRIPTION
No. of Pages Vp.
650 ## - SUBJECT ADDED ENTRY--TOPICAL TERM
Topical term or geographic name as entry element MATHEMATICS
653 ## - KEYWORDS--INDEX TERM
Keyword term INTRODUCTION DESCRIPTIVE MEASURES, PROBABILITY-1,2, MATHEMATICAL EXPECTATION, ADDITIONAL TOPICS ON CORRELATION AND REGRESSION
700 ## - ADDED ENTRY--PERSONAL NAME
Personal name Kapoor,V.K
942 ## - ADDED ENTRY ELEMENTS (KOHA)
Source of classification or shelving scheme Dewey Decimal Classification
Koha item type Books
942 ## - ADDED ENTRY ELEMENTS (KOHA)
-- 5
Holdings
Withdrawn status Lost status Source of classification or shelving scheme Damaged status Not for loan Home library Current library Date acquired SGTU Total Checkouts Total Renewals Full call number Accession No. (Barcode) Date last seen Date last borrowed Bill Date Koha item type Collection code Shelving location
    Dewey Decimal Classification     SGT Engineering Library SGT Engineering Library 02/07/2011 SGTU 25 4 519.5 GUP FE3736 13/02/2026 30/01/2026 09/02/2015 Books    
weeded-out   Dewey Decimal Classification     SGT Engineering Library SGT Engineering Library 02/07/2011 SGTU 7 2 519.5 GUP FE3737 17/12/2018 17/12/2018 09/02/2015 Books    
    Dewey Decimal Classification     SGT Engineering Library SGT Engineering Library 02/07/2011 SGTU 23 3 519.5 GUP FE3738 31/03/2026 07/01/2026 09/02/2015 Books    
    Dewey Decimal Classification     SGT Engineering Library SGT Engineering Library 02/07/2011 SGTU 21 7 519.5 GUP FE3739 31/03/2026 30/01/2026 09/02/2015 Books    
  Lost and Paid For Dewey Decimal Classification     SGT Engineering Library SGT Engineering Library 02/07/2011 SGTU 18 2 519.5 GUP FE3740 27/06/2023 13/03/2020 09/02/2015 Books ENGINEERING Text Book